| 000 | 00524nam a2200193 a 4500 | ||
|---|---|---|---|
| 003 | OSt | ||
| 005 | 20140415081227.0 | ||
| 008 | 110212s19uu xx 00 eng d | ||
| 050 |
_aTR _bC67 1997 |
||
| 100 | _aCole, Joanna | ||
| 245 |
_aThe magic school bus makes a rainbow : _ba book about colors / _c[adaptation by Jane B. Mason ; illustrated by Nancy Stevenson]. |
||
| 260 |
_aNew York : _bScholastic, _cc1997. |
||
| 650 | _a | ||
| 650 | _a | ||
| 650 | _a | ||
| 942 |
_2lcc _cBK |
||
| 999 |
_c65222 _d65222 |
||